Effect of friction on subsurface layer microstructure in austenitic and martensitic steels; Wear; Vol. 231, iss. 2
| Parent link: | Wear: Scientific Journal Vol. 231, iss. 2.— 1999.— [P. 228-234] |
|---|---|
| Hovedforfatter: | |
| Andre forfattere: | |
| Summary: | Title screen By means of transmission and scanning electron microscopy, the microstructure of subsurface layer on specimens after friction tests has been examined. The load and sliding speed dependencies of the coefficient of friction and temperature have been obtained on specimens from austenitic and martensitic steels. It has been shown that severe adhesive wear (seizure) conditions result in formation of a 20- to 40-?m-thick layer with the fine-crystalline microstructure. The thickness of the layer does not seem to depend on either preceding heat treatment or initial state of the material Режим доступа: по договору с организацией-держателем ресурса |
| Sprog: | engelsk |
| Udgivet: |
1999
|
| Fag: | |
| Online adgang: | http://www.sciencedirect.com/science/article/pii/S0043164899001076 |
| Format: | MixedMaterials Electronisk Book Chapter |
| KOHA link: | https://koha.lib.tpu.ru/cgi-bin/koha/opac-detail.pl?biblionumber=636234 |
MARC
| LEADER | 00000nla0a2200000 4500 | ||
|---|---|---|---|
| 001 | 636234 | ||
| 005 | 20250318143800.0 | ||
| 035 | |a (RuTPU)RU\TPU\network\120 | ||
| 035 | |a RU\TPU\network\115 | ||
| 090 | |a 636234 | ||
| 100 | |a 20131016d1999 k||y0rusy50 ba | ||
| 101 | 0 | |a eng | |
| 102 | |a US | ||
| 135 | |a drcn ---uucaa | ||
| 181 | 0 | |a i | |
| 182 | 0 | |a b | |
| 200 | 1 | |a Effect of friction on subsurface layer microstructure in austenitic and martensitic steels |f S. Yu. Tarasov, A. V. Kolubaev | |
| 203 | |a Text |c electronic | ||
| 300 | |a Title screen | ||
| 330 | |a By means of transmission and scanning electron microscopy, the microstructure of subsurface layer on specimens after friction tests has been examined. The load and sliding speed dependencies of the coefficient of friction and temperature have been obtained on specimens from austenitic and martensitic steels. It has been shown that severe adhesive wear (seizure) conditions result in formation of a 20- to 40-?m-thick layer with the fine-crystalline microstructure. The thickness of the layer does not seem to depend on either preceding heat treatment or initial state of the material | ||
| 333 | |a Режим доступа: по договору с организацией-держателем ресурса | ||
| 461 | |t Wear |o Scientific Journal | ||
| 463 | |t Vol. 231, iss. 2 |v [P. 228-234] |d 1999 | ||
| 610 | 1 | |a электронный ресурс | |
| 610 | 1 | |a труды учёных ТПУ | |
| 610 | 1 | |a wear | |
| 610 | 1 | |a износ | |
| 610 | 1 | |a friction | |
| 610 | 1 | |a трение | |
| 610 | 1 | |a seizure | |
| 610 | 1 | |a захват | |
| 610 | 1 | |a deformations | |
| 610 | 1 | |a деформация | |
| 610 | 1 | |a microstructures | |
| 610 | 1 | |a микроструктура | |
| 610 | 1 | |a fragmentation | |
| 610 | 1 | |a фрагментация | |
| 700 | 1 | |a Tarasov |b S. Yu. |c specialist in the field of mechanical engineering |c Professor of Tomsk Polytechnic University, Doctor of technical sciences |f 1959- |g Sergei Yulievich |3 (RuTPU)RU\TPU\pers\31400 |9 15572 | |
| 701 | 1 | |a Kolubaev |b A. V. |c physicist |c Professor of Tomsk Polytechnic University, Doctor of physical and mathematical sciences |f 1948- |g Aleksander Viktorovich |3 (RuTPU)RU\TPU\pers\31404 | |
| 801 | 2 | |a RU |b 63413507 |c 20140424 |g RCR | |
| 856 | 4 | |u http://www.sciencedirect.com/science/article/pii/S0043164899001076 | |
| 942 | |c CF | ||